Movies Quiz

Random Movies or Role Quiz

Actors' Last Film Roles Quiz Stats

 Plays Quiz Updated Oct 9, 2015

Support Sporcle.
Go Orange.
Score 0/18 Timer 05:00
3 Plays Today
% Correct
Furious 7
89%
The Crow
78.4%
The Hunger Games: Mockingjay - Part 2
77.2%
Canadian Bacon
67.1%
The Imaginarium of Doctor Parnassus
64.1%
The Shootist
59.1%
The Misfits
57.6%
Guess Who's Coming to Dinner
54.6%
Hello, Dolly!
49.7%
% Correct
The Misfits
49.7%
Network
45%
The Fiendish Plot of Dr. Fu Manchu
44.7%
The Flintstones
41.7%
A Funny Thing Happened on the Way to the Forum
41.1%
Airplane!
40%
An American Tail: Fievel Goes West
32.8%
Love Affair
32.2%
The Rescuers Down Under
31.4%

From the Vault

Olympics by Emblem

by xxDUNE

Sports 4m
Some countries work to incorporate the Olympic rings and colors, others just phone it in with using their flag.
Remove Ads.
Support Sporcle.
Get the best of Sporcle when you Go Orange. This ad-free experience offers more features, more stats, and more fun while also helping to support Sporcle. Thank you for becoming a member.

Show Comments

Extras

Top Quizzes Today


Score Distribution

Your Account Isn't Verified!

In order to create a playlist on Sporcle, you need to verify the email address you used during registration. Go to your Sporcle Settings to finish the process.

Report this User

Report this user for behavior that violates our Community Guidelines.

Details: